000 01655nam0a2200325 4500
001 RU\NLR\BIBL_A\022361163
005 20260420020254.0
010 _a978-5-93381-479-5
_9500
021 _aRU
_bКН-П-24-053808
_9КН-П-24-5359
035 _a(NLR Aleph) 022361163
090 _a13668148
_c13668148
100 _a20241023d2024 u y0rusy50 ca
101 0 _arus
102 _aRU
105 _ay z 000gy
181 0 _ai4
_baxxe
182 0 _an
200 1 _aИзбранное
_fМихаил Кинер
_gпредисловие Андрея Анпилова
203 _aТекст
_bвизуальный
_cнепосредственный
210 _aМосква
_cБ.С.Г.-Пресс
_d2024
215 _a135, [1] с.
_d19
327 1 _aСодерж.: циклы: Когда настала ночь, ты стала сном ...; ... Старинный дом и наш семейный вечер, посуда на столе и свечи, свечи ...; ... И все мои друзья не повторятся дважды ...; ... То ли день вызреванья колосьев, то ли время схожденья с ума ...; ... Чтоб нас минули времена, где Слово Подвигом считалось ...; ... Всё - заново. Всё - со строки ...; ... Кто это, кто?..; ... Был, был, да уехал ...
333 _a16+
686 2 _aШ6(2=Р)8-5
700 1 _aКинер
_bМ. Г.
_gМихаил Г
942 _cBOOK
980 _aNB